000 01034nam a22003497a 4500
001 BR0808906
003 BR-BrBNA
005 20230928102759.0
007 ta
008 230509b bl.||||| |||| 00| 0 por d
040 _aBR-BrBNA
_bpor
_cBiblioteca Nacional de Agricultura
041 _a(Por)
072 _aF61; H20
_b2120
_b4120
090 _ 2120 BR0808906
100 1 _aMartinati, J.C.
110 1 _aCentro de Energia Nuclear na Agricultura, Piracicaba, SP (Brasil)
_0Tese (Doutor em Ciências)
245 1 _aAspectos bioquímicos em plantas de cafeeiro tratadas com silício
260 3 _aPiracicaba, SP (Brasil):
_c2008.
300 _a113 p.
500 _aSummaries (Eng, Por); Bibliography p. 87-93; 18 illus.; 8 tables
650 _aCAFÉ
650 _aSILÍCIO
650 _aTRATAMENTO
650 _aBIOQUÍMICA VEGETAL
650 _aMUDA
650 _aCRESCIMENTO
650 _aFERRUGEM
650 _aSINTOMA
650 _aATIVIDADE ENZÍMICA
909 _a202309
_bLucia
_c55
_dLucia Elande
942 _cBK
999 _c72425
_d72425